[Event "ICS rated blitz match"]
[Site "204.178.125.65"]
[Date "2000.03.05"]
[Round "?"]
[White "Hossa"]
[Black "Amateur"]
[Result "0-1"]
[WhiteElo "2447"]
[BlackElo "2526"]
[PlyCount "126"]

1. d4 Nf6 2. c4 e6 3. Nc3 Bb4 4. e3 b6 5. Nge2 Ne4 6. Bd2 Nxd2 7. Qxd2 O-O 8.
a3 Be7 9. Nf4 d6 10. Bd3 Nd7 11. Qc2 h6 12. O-O Nf6 13. Ne4 Bb7 14. Nxf6+ Bxf6
15. Nh5 Bh4 16. Be4 Bxe4 17. Qxe4 c5 18. g3 Bg5 19. b3 cxd4 20. f4 Bf6 21. exd4
Rc8 22. Rad1 Be7 23. f5 exf5 24. Qf3 d5 25. cxd5 g6 26. Nf4 Bxa3 27. Rf2 Bb4
28. Nd3 Rc3 29. Ra2 a5 30. Rb2 Re8 31. Rbb1 Re4 32. Qf2 Qxd5 33. Nf4 Qd8 34.
Ng2 Qd6 35. Nf4 g5 36. Ng2 f4 37. gxf4 gxf4 38. Nh4 Qd5 39. Nf3 Rxb3 40. Qg2+
Kf8 41. Rbc1 Re6 42. Nh4 Qg5 43. Qxg5 hxg5 44. Nf5 Rb2 45. Rc8+ Re8 46. Rdc1 f3
47. h3 a4 48. R1c7 a3 49. Rxe8+ Kxe8 50. Ng7+ Kd8 51. Rxf7 a2 52. Ne6+ Kc8 53.
Ra7 Ba5 54. Rc7+ Kb8 55. Rc1 Rb1 56. Kf2 Rxc1 57. Kxf3 a1=Q 58. Ke4 Rf1 59.
Nxg5 Qb1+ 60. Kd5 Qf5+ 61. Kd6 Bb4+ 62. Kc6 Rc1+ 63. Kxb6 Qa5# 0-1

[Event "ICS rated blitz match"]
[Site "204.178.125.65"]
[Date "2000.03.05"]
[Round "?"]
[White "Hossa"]
[Black "PostModernist"]
[Result "0-1"]
[WhiteElo "2447"]
[BlackElo "2652"]
[PlyCount "124"]

1. e4 c6 2. d4 d5 3. e5 c5 4. dxc5 Nc6 5. Bb5 e6 6. Be3 Nge7 7. Nf3 Nf5 8. b4
Nxe3 9. fxe3 a5 10. c3 Be7 11. O-O O-O 12. a4 Bd7 13. Nbd2 Qc7 14. Bxc6 Qxc6
15. Nb3 Qc7 16. Nxa5 Bxc5 17. Qd3 Be7 18. e4 b6 19. Nb3 dxe4 20. Qxe4 Qxc3 21.
Qb7 Qxb3 22. Qxd7 Qxb4 23. Kh1 Rfd8 24. Qb7 Rdb8 25. Qd7 Qc5 26. Rac1 Rd8 27.
Qb7 Rab8 28. Qa7 Qb4 29. Rb1 Ra8 30. Qb7 Rdb8 31. Qd7 Qa3 32. Ra1 Qb4 33. Rab1
Qc5 34. Rbc1 Qb4 35. Ra1 Re8 36. Qb7 Rab8 37. Qd7 Qg4 38. a5 bxa5 39. Rxa5 Qg6
40. Ra7 Rbc8 41. Rb7 Qe4 42. Re1 Qc2 43. Qb5 Qg6 44. Qd7 h5 45. Rf1 Kh7 46. Ng1
Rc2 47. g3 Qe4+ 48. Rf3 Rd8 49. Qxd8 Bxd8 50. Rbxf7 Bb6 51. Nh3 Qe2 52. Rf2
Bxf2 53. Rxf2 Rc1+ 54. Kg2 Qe4+ 55. Rf3 Qd5 56. Ng5+ Kg6 57. Kh3 Rc2 58. Rf4
Kxg5 59. Rf3 Qe4 60. Rf2 Rxf2 61. g4 hxg4+ 62. Kg3 Rg2# 0-1

[Event "ICS rated bullet match"]
[Site "204.178.125.65"]
[Date "2000.03.05"]
[Round "?"]
[White "bizarre"]
[Black "Hossa"]
[Result "0-1"]
[WhiteElo "2201"]
[BlackElo "2366"]
[PlyCount "78"]

1. e4 c5 2. d3 e6 3. Nd2 d5 4. Ngf3 Nf6 5. Qe2 Be7 6. g3 dxe4 7. dxe4 Nc6 8.
Bg2 O-O 9. O-O e5 10. c3 Bg4 11. h3 Bh5 12. Nc4 Qc7 13. Ne3 Rad8 14. Nf5 Rd7
15. Bg5 Rfd8 16. Nxe7+ Nxe7 17. Bxf6 gxf6 18. Rfd1 Rd6 19. Rxd6 Qxd6 20. g4 Bg6
21. Qe3 Qb6 22. b3 c4 23. Qxb6 axb6 24. Nh4 b5 25. Rb1 Rd7 26. Bf1 Bxe4 27. Re1
Bd3 28. bxc4 bxc4 29. f4 exf4 30. Kf2 Kf8 31. Bg2 Ng6 32. Nf5 Bxf5 33. gxf5 Ne5
34. Re2 Nd3+ 35. Kf3 Rd5 36. Kg4 h5+ 37. Kxh5 Rxf5+ 38. Kh4 f3 39. Bxf3 Rxf3
0-1

[Event "ICS rated blitz match"]
[Site "204.178.125.65"]
[Date "2000.03.05"]
[Round "?"]
[White "Amateur"]
[Black "Hossa"]
[Result "1/2-1/2"]
[WhiteElo "2538"]
[BlackElo "2439"]
[PlyCount "42"]

1. e4 e5 2. Nf3 Nc6 3. Bb5 a6 4. Ba4 Nf6 5. O-O Be7 6. Re1 b5 7. Bb3 O-O 8. c3
d5 9. exd5 Nxd5 10. Nxe5 Nxe5 11. Rxe5 c6 12. d3 Bd6 13. Re1 Bf5 14. Nd2 Nf4
15. Qf3 Nxd3 16. Re3 Qd7 17. Bc2 Bg4 18. Qe4 Bf5 19. Qf3 Bg4 20. Qe4 Bf5 21.
Qf3 Bg4 1/2-1/2

[Event "ICS rated blitz match"]
[Site "204.178.125.65"]
[Date "2000.03.05"]
[Round "?"]
[White "Hossa"]
[Black "Amateur"]
[Result "0-1"]
[WhiteElo "2443"]
[BlackElo "2534"]
[PlyCount "98"]

1. e4 e5 2. Nf3 Nc6 3. Bb5 a6 4. Ba4 Nf6 5. O-O b5 6. Bb3 Be7 7. Re1 O-O 8. d4
d6 9. dxe5 Nxe5 10. Bg5 Bg4 11. Nbd2 c5 12. a3 c4 13. Ba2 Rc8 14. Qe2 c3 15.
bxc3 Rxc3 16. Bb3 Nfd7 17. Be3 Nc5 18. Reb1 Bf6 19. Bxc5 dxc5 20. Rd1 Qc8 21.
Bd5 Rxc2 22. Ra2 Bxf3 23. gxf3 Rxa2 24. Bxa2 c4 25. f4 Nd3 26. Qf3 Bd4 27. Rf1
Qc5 28. Nb1 Rd8 29. e5 c3 30. Nxc3 Bxc3 31. Rd1 Qd4 32. Qe3 Be1 33. Rxd3 Qxd3
34. Qxe1 Qf3 35. Bb3 Qxb3 36. Kg2 Qxa3 37. e6 fxe6 38. Qxe6+ Kh8 39. h3 Qd6 40.
Qe5 Qxe5 41. fxe5 b4 42. f4 b3 43. Kf3 b2 44. Kg4 b1=Q 45. e6 Rd3 46. e7 Qg1+
47. Kf5 Re3 48. e8=B Rxe8 49. h4 Qg6# 0-1

[Event "ICS rated blitz match"]
[Site "204.178.125.65"]
[Date "2000.03.05"]
[Round "?"]
[White "Amateur"]
[Black "Hossa"]
[Result "0-1"]
[WhiteElo "2552"]
[BlackElo "2436"]
[PlyCount "216"]

1. e4 e6 2. d4 d5 3. Nc3 Bb4 4. e5 c5 5. a3 Bxc3+ 6. bxc3 Ne7 7. Nf3 Qc7 8. Be2
b6 9. O-O Ba6 10. Bg5 Bxe2 11. Qxe2 Nec6 12. dxc5 bxc5 13. c4 d4 14. Qe4 Nd7
15. Rab1 O-O 16. Bf4 Rfb8 17. Ng5 g6 18. Nf3 Rb6 19. Rbc1 Rd8 20. Rfd1 Qb7 21.
c3 dxc3 22. Rxc3 Rb3 23. Qd3 Rb2 24. Qe4 Nf8 25. Rxd8 Nxd8 26. Qe1 Nd7 27. Rd3
Nc6 28. h3 Rb3 29. Qd2 Rb1+ 30. Kh2 Ncb8 31. Rd6 Rb2 32. Qa5 Nc6 33. Qa4 Ncb8
34. Nd2 Rb6 35. Qc2 Rxd6 36. exd6 Qb6 37. Qd3 Nc6 38. Nf3 Qb2 39. Qe4 Ncb8 40.
Bh6 a6 41. Nd2 Nf6 42. Qd3 Nbd7 43. Qf3 Qb6 44. Qa8+ Nb8 45. Bf4 Nh5 46. Qe4
Nxf4 47. Qxf4 Nd7 48. Qg3 Qb2 49. Qd3 Qc1 50. Kg3 e5 51. h4 Kg7 52. Qe3 f5 53.
Kh2 h6 54. g3 Qb2 55. Nf3 e4 56. Ne1 Qa1 57. Qd2 Qxa3 58. Qd5 Qb2 59. Kg2 Kf6
60. Qa8 Kf7 61. Qd8 Qb7 62. Qe7+ Kg8 63. h5 gxh5 64. Qe6+ Kg7 65. Qxf5 e3+ 66.
Nf3 exf2 67. Kxf2 Nf6 68. Ke1 Qb4+ 69. Nd2 Qc3 70. Kd1 Qd4 71. Qe6 Qg4+ 72.
Qxg4+ hxg4 73. Ne4 Nd7 74. Kc2 Kf7 75. Kc3 Ke6 76. Kd3 a5 77. Ke2 a4 78. Kd2 a3
79. Kc2 Ke5 80. Nd2 Kd4 81. Nf1 Kxc4 82. Ne3+ Kd4 83. Nxg4 h5 84. Nh6 c4 85.
Nf5+ Kc5 86. Kc3 Nb6 87. Kc2 Kc6 88. Kb1 c3 89. Ka2 Nc4 90. Nd4+ Kd7 91. Kb3
Nxd6 92. Kxa3 Ne4 93. Nf5 Kc6 94. Nd4+ Kd5 95. Ne2 Kc4 96. Ka2 Nc5 97. Nf4 Nd3
98. Kb1 Nxf4 99. gxf4 h4 100. Kc1 h3 101. Kd1 h2 102. Ke2 h1=Q 103. Kf2 Qh3
104. f5 Qxf5+ 105. Ke3 Kb3 106. Ke2 c2 107. Kd2 Qf3 108. Kc1 Qe3# 0-1

[Event "ICS rated blitz match"]
[Site "204.178.125.65"]
[Date "2000.03.05"]
[Round "?"]
[White "Hossa"]
[Black "MrHydden"]
[Result "1-0"]
[WhiteElo "2457"]
[BlackElo "2389"]
[PlyCount "35"]

1. e4 c5 2. Nf3 d6 3. d4 cxd4 4. Nxd4 Nf6 5. Nc3 a6 6. Bg5 e6 7. f4 Nbd7 8. Qf3
Qc7 9. O-O-O b5 10. Bxb5 axb5 11. Ndxb5 Qb6 12. e5 Bb7 13. Rxd6 Bxd6 14. Qxb7
O-O 15. Qxb6 Nxb6 16. exd6 Nfd5 17. g3 Nc4 18. Be7 1-0

[Event "ICS rated blitz match"]
[Site "204.178.125.65"]
[Date "2000.03.05"]
[Round "?"]
[White "Hossa"]
[Black "darthweber"]
[Result "1-0"]
[WhiteElo "2470"]
[BlackElo "2212"]
[PlyCount "78"]

1. d4 Nf6 2. c4 g6 3. Nc3 Bg7 4. e4 d6 5. Nf3 O-O 6. Be2 e5 7. dxe5 dxe5 8.
Qxd8 Rxd8 9. Bg5 Re8 10. Nd5 Nxd5 11. cxd5 c6 12. Bc4 b5 13. Bb3 Bb7 14. d6 h6
15. Bh4 Nd7 16. O-O-O g5 17. Bg3 Rad8 18. Rd2 Nc5 19. Bc2 Bc8 20. Kb1 Bg4 21.
h4 Bxf3 22. gxf3 Nb7 23. Rhd1 Re6 24. d7 Re7 25. hxg5 hxg5 26. b4 a5 27. a3 a4
28. Kb2 Re6 29. Bb1 Kf8 30. Ba2 Rh6 31. Rc2 Ke7 32. Rcc1 Rxd7 33. Rxd7+ Kxd7
34. Bxf7 Rd6 35. Kc3 Ke7 36. Ba2 Rd4 37. Rh1 Nd6 38. Rh7 Kf6 39. Rxg7 Kxg7 1-0

[Event "ICS rated blitz match"]
[Site "204.178.125.65"]
[Date "2000.03.05"]
[Round "?"]
[White "darthweber"]
[Black "Hossa"]
[Result "0-1"]
[WhiteElo "2206"]
[BlackElo "2476"]
[PlyCount "63"]

1. Nf3 d5 2. g3 Nf6 3. Bg2 c6 4. O-O Bg4 5. d3 Nbd7 6. c4 e5 7. cxd5 cxd5 8.
Nc3 d4 9. Nb5 a6 10. Na3 Bxa3 11. bxa3 Rc8 12. a4 Nd5 13. Ba3 Rc3 14. Bb2 Rc5
15. h3 Bxf3 16. Bxf3 N7b6 17. Qb3 Qd7 18. Rac1 Ra5 19. Ba3 Nxa4 20. Bxd5 Rxd5
21. Rc8+ Qxc8 22. Qxd5 f6 23. Qd6 Kf7 24. Qd5+ Kg6 25. g4 Nc3 26. Qf3 Qc6 27.
e4 Qa4 28. Qf5+ Kf7 29. Bd6 Ne2+ 30. Kh1 g6 31. Qf3 Nf4 32. g5 0-1

[Event "ICS rated blitz match"]
[Site "204.178.125.65"]
[Date "2000.03.05"]
[Round "?"]
[White "Hossa"]
[Black "darthweber"]
[Result "1-0"]
[WhiteElo "2482"]
[BlackElo "2200"]
[PlyCount "68"]

1. e4 c5 2. Nf3 d6 3. d4 cxd4 4. Nxd4 Nf6 5. Nc3 a6 6. Bg5 e6 7. f4 Be7 8. Qf3
Qc7 9. O-O-O Nbd7 10. g4 b5 11. Bxf6 Nxf6 12. g5 Nd7 13. f5 Bxg5+ 14. Kb1 Ne5
15. Qh5 Qe7 16. Nxe6 Bxe6 17. fxe6 g6 18. exf7+ Kxf7 19. Qe2 Kg7 20. Nd5 Qd8
21. Bh3 Rf8 22. Rhf1 Ra7 23. Qg2 Raf7 24. Rxf7+ Rxf7 25. Be6 Rf8 26. c3 Nc4 27.
b3 Ne3 28. Nxe3 Bxe3 29. e5 Qa5 30. Qb7+ Kh8 31. exd6 Qxc3 32. Qe7 Rf2 33. Qd8+
Kg7 34. Qc7+ Qxc7 1-0

[Event "ICS rated blitz match"]
[Site "204.178.125.65"]
[Date "2000.03.05"]
[Round "?"]
[White "darthweber"]
[Black "Hossa"]
[Result "0-1"]
[WhiteElo "2195"]
[BlackElo "2487"]
[PlyCount "92"]

1. Nf3 d5 2. g3 Nf6 3. Bg2 c6 4. O-O Bg4 5. d3 Nbd7 6. c4 e5 7. cxd5 cxd5 8.
Nc3 d4 9. Ne4 Nxe4 10. dxe4 Bc5 11. h3 Bxf3 12. Bxf3 O-O 13. Qb3 Qc7 14. Bd2
Rac8 15. Rac1 Nf6 16. Rc2 b6 17. Rfc1 Qd7 18. Kg2 Rc7 19. Bg5 Qc6 20. Qd3 a5
21. h4 Rfc8 22. Bd2 a4 23. b4 axb3 24. axb3 Qb7 25. b4 Be7 26. Rxc7 Rxc7 27.
Rxc7 Qxc7 28. Qb5 Bd6 29. Bg5 Nd7 30. Bg4 Nf8 31. h5 h6 32. Bd2 Nh7 33. Qe8+
Bf8 34. b5 Nf6 35. Qc6 Qd8 36. Bf3 Bc5 37. g4 Nd7 38. Kg3 Ba3 39. Qd5 Qe7 40.
Qa8+ Nf8 41. Qc6 Qd8 42. Qd5 Qe8 43. Qc6 Qe6 44. e3 Qa2 45. Bc1 Bc5 46. exd4
exd4 0-1

[Event "ICS rated blitz match"]
[Site "204.178.125.65"]
[Date "2000.03.05"]
[Round "?"]
[White "Hossa"]
[Black "darthweber"]
[Result "1-0"]
[WhiteElo "2492"]
[BlackElo "2190"]
[PlyCount "59"]

1. e4 c5 2. Nf3 d6 3. d4 cxd4 4. Nxd4 Nf6 5. Nc3 a6 6. Bg5 e6 7. f4 Be7 8. Qf3
Qc7 9. O-O-O Nbd7 10. Bd3 h6 11. Bh4 g5 12. fxg5 Ne5 13. Qe2 Nfg4 14. Nf3 Nxf3
15. gxf3 hxg5 16. Bg3 Ne5 17. f4 gxf4 18. Bxf4 b5 19. Qg2 Bd7 20. Qg7 Rh4 21.
Qg8+ Bf8 22. Bg5 Rg4 23. Be2 Rg2 24. Rdg1 Rxg1+ 25. Rxg1 b4 26. Bh6 O-O-O 27.
Bxa6+ Kb8 28. Bxf8 bxc3 29. Bxd6 cxb2+ 30. Kb1 1-0

[Event "ICS rated blitz match"]
[Site "204.178.125.65"]
[Date "2000.03.05"]
[Round "?"]
[White "Hossa"]
[Black "darthweber"]
[Result "1/2-1/2"]
[WhiteElo "2502"]
[BlackElo "2180"]
[PlyCount "83"]

1. e4 g6 2. d4 Bg7 3. Nc3 d6 4. Nf3 c6 5. Be2 b5 6. a3 Nd7 7. Bd2 a6 8. d5 Bb7
9. O-O Ngf6 10. Be3 cxd5 11. exd5 Nb6 12. Bxb6 Qxb6 13. Qd2 O-O 14. Rfd1 Rac8
15. Ra2 Rc5 16. Qe3 Qc7 17. Ng5 Nxd5 18. Nxd5 Bxd5 19. b3 h6 20. Ne4 Bxe4 21.
Qxe4 Re5 22. Qf3 Rf5 23. Qe3 Rc8 24. Bg4 Re5 25. Qd2 Rd8 26. a4 Rc5 27. axb5
axb5 28. b4 Rc3 29. Be2 Rc8 30. Rc1 Qb6 31. Qf4 Be5 32. Qxh6 Qd4 33. g3 Qxb4
34. Ra7 d5 35. Bf1 Bg7 36. Qg5 e6 37. Bd3 Qb2 38. Raa1 Qb4 39. Ra7 Qb2 40. Raa1
Qb4 41. Ra7 Qb2 42. Raa1 1/2-1/2

[Event "ICS rated blitz match"]
[Site "204.178.125.65"]
[Date "2000.03.05"]
[Round "?"]
[White "Bannon"]
[Black "Hossa"]
[Result "0-1"]
[WhiteElo "2078"]
[BlackElo "2490"]
[PlyCount "36"]

1. e4 e6 2. d4 d5 3. Nc3 Bb4 4. e5 c5 5. Qg4 g6 6. a3 h5 7. Qf4 Bxc3+ 8. bxc3
Qa5 9. Bd2 Qa4 10. Nf3 Qxc2 11. Ng5 Qf5 12. Qxf5 gxf5 13. h4 Nc6 14. Nf3 cxd4
15. cxd4 Nge7 16. Be2 Bd7 17. g3 Rc8 18. Ng5 Nxd4 0-1

[Event "ICS rated bullet match"]
[Site "204.178.125.65"]
[Date "2000.03.05"]
[Round "?"]
[White "Hossa"]
[Black "izirom"]
[Result "1-0"]
[WhiteElo "2375"]
[BlackElo "2074"]
[PlyCount "75"]

1. e4 c5 2. Nf3 d6 3. d4 cxd4 4. Nxd4 Nf6 5. Nc3 g6 6. Be3 Bg7 7. f3 O-O 8. Qd2
Nc6 9. O-O-O d5 10. exd5 Nxd5 11. Nxc6 bxc6 12. Bd4 e5 13. Bc5 Be6 14. Ne4 Re8
15. h4 Nf4 16. Qe1 Qc8 17. Nd6 Qd7 18. Nxe8 Qxe8 19. Qd2 a5 20. g3 Nd5 21. h5
a4 22. c4 Nc7 23. hxg6 fxg6 24. Qh2 h6 25. Qh4 g5 26. Qe4 a3 27. Bxa3 Rxa3 28.
bxa3 Qe7 29. Rd3 Qc5 30. Rd8+ Kf7 31. Kd1 Qxa3 32. Qxc6 Qa7 33. g4 Bf6 34. Rd2
Be7 35. Rxh6 Bf6 36. Rd7+ Bxd7 37. Qxf6+ Ke8 38. Rh8# 1-0

[Event "ICS rated blitz match"]
[Site "204.178.125.65"]
[Date "2000.03.05"]
[Round "?"]
[White "Hossa"]
[Black "Osterhasi"]
[Result "1-0"]
[WhiteElo "2488"]
[BlackElo "2344"]
[PlyCount "53"]

1. e4 e5 2. Nf3 Nc6 3. Bb5 a6 4. Ba4 Nf6 5. O-O Be7 6. Re1 b5 7. Bb3 d6 8. c3
O-O 9. h3 Na5 10. Bc2 c5 11. d4 Bb7 12. dxe5 dxe5 13. Qxd8 Rfxd8 14. Nxe5 Bxe4
15. Bxe4 Nxe4 16. b4 Bf6 17. Rxe4 Rd1+ 18. Kh2 Rxc1 19. bxa5 Re8 20. Nd3 Rxe4
21. Nxc1 Re1 22. Nd3 Rd1 23. Nxc5 Bxc3 24. Nxc3 Rxa1 25. Nxa6 Rc1 26. Nxb5 Rc4
27. Nac7 1-0

[Event "ICS rated blitz match"]
[Site "204.178.125.65"]
[Date "2000.03.05"]
[Round "?"]
[White "RedBear"]
[Black "Hossa"]
[Result "1-0"]
[WhiteElo "2574"]
[BlackElo "2498"]
[PlyCount "139"]

1. e4 c5 2. c3 d5 3. exd5 Qxd5 4. d4 Nf6 5. Nf3 Bg4 6. Be2 e6 7. h3 Bh5 8. O-O
Nc6 9. Be3 cxd4 10. cxd4 Be7 11. Nc3 Qd6 12. Qb3 O-O 13. Rfd1 Rfd8 14. a3 Rac8
15. Rac1 Nd5 16. Qxb7 Rb8 17. Qa6 Bxf3 18. Bxf3 Nxd4 19. Qxd6 Nxf3+ 20. gxf3
Rxd6 21. Nxd5 exd5 22. Bxa7 Rg6+ 23. Kf1 Rd8 24. Rc7 Bd6 25. Rc2 Rg5 26. Rcd2
Bc7 27. Rd4 Rf5 28. Kg2 Bf4 29. b3 h5 30. a4 Rg5+ 31. Kf1 Bh2 32. R4d2 Rg1+ 33.
Ke2 Rxd1 34. Rxd1 Rd7 35. Bc5 g5 36. b4 Kg7 37. a5 Rd8 38. Bd4+ Kg6 39. b5 f6
40. a6 Kf5 41. b6 Bb8 42. Rb1 Re8+ 43. Kf1 g4 44. fxg4+ hxg4 45. hxg4+ Kxg4 46.
a7 Bxa7 47. bxa7 Ra8 48. Rb8 Rxa7 49. Bxa7 Kf5 50. Ke2 Kf4 51. Bd4 f5 52. Bf6
Kg4 53. Rb5 Kh5 54. Kf3 Kg6 55. Kf4 d4 56. Bxd4 Kf7 57. Re5 Kg7 58. Re8+ Kf7
59. Kxf5 Kxe8 60. Ke6 Kd8 61. Bb6+ Ke8 62. f4 Kf8 63. f5 Kg8 64. f6 Kh7 65. f7
Kg6 66. f8=Q Kg5 67. Bc7 Kg4 68. Qf5+ Kh4 69. Qg6 Kh3 70. Qg3# 1-0

[Event "ICS rated blitz match"]
[Site "204.178.125.65"]
[Date "2000.03.05"]
[Round "?"]
[White "Hossa"]
[Black "warps"]
[Result "0-1"]
[WhiteElo "2462"]
[BlackElo "2554"]
[PlyCount "128"]

1. d4 d5 2. c4 e6 3. Nc3 Nf6 4. Bg5 Be7 5. e3 O-O 6. Nf3 h6 7. Bh4 b6 8. Bd3
Bb7 9. O-O Nbd7 10. cxd5 Nxd5 11. Bxe7 Qxe7 12. Nxd5 Bxd5 13. e4 Bb7 14. Qb3 c5
15. Rfd1 cxd4 16. Nxd4 Nc5 17. Qb4 Qf6 18. Ne2 Rfd8 19. Bc2 Ba6 20. Ng3 Bd3 21.
Bb1 Bxb1 22. Rxd8+ Rxd8 23. Rxb1 Qxf2+ 24. Kxf2 Nd3+ 25. Ke2 Nxb4 26. Rc1 a5
27. a3 Nd3 28. Rc2 g6 29. Nf1 f5 30. exf5 gxf5 31. b3 Nf4+ 32. Kf3 e5 33. Ne3
Rd3 34. Kf2 Rxb3 35. Nxf5 Rxa3 36. Nxh6+ Kh7 37. Nf7 Nd3+ 38. Ke2 Kg6 39. Nd6
Rb3 40. g3 Nb4 41. Rd2 Nc6 42. Kf2 Nd4 43. h4 b5 44. Rd1 a4 45. g4 Rh3 46. h5+
Kg5 47. Re1 a3 48. Kg2 Rb3 49. Rxe5+ Kh4 50. Re8 a2 51. Ra8 Rb2+ 52. Kf1 Kg3
53. Nf5+ Nxf5 54. gxf5 b4 55. h6 b3 56. Ke1 Rf2 57. Ra3 Kg2 58. Ra4 b2 59. Rg4+
Kf3 60. Rf4+ Kxf4 61. Kxf2 a1=Q 62. h7 b1=Q 63. Kg2 Qc2+ 64. Kh3 Qh1# 0-1

[Event "ICS rated blitz match"]
[Site "204.178.125.65"]
[Date "2000.03.06"]
[Round "?"]
[White "RedBear"]
[Black "Hossa"]
[Result "1-0"]
[WhiteElo "2549"]
[BlackElo "2450"]
[PlyCount "119"]

1. e4 c5 2. c3 e6 3. Nf3 d5 4. e5 Bd7 5. d4 Nc6 6. Be2 cxd4 7. cxd4 Bb4+ 8. Nc3
Nge7 9. a3 Ba5 10. b4 Bb6 11. b5 Na5 12. Bg5 Rc8 13. Bxe7 Qxe7 14. Na4 Qd8 15.
Nxb6 Qxb6 16. a4 O-O 17. Qd3 Nc4 18. Ng5 Qa5+ 19. Kf1 g6 20. Qh3 h5 21. Bxh5
Nd2+ 22. Kg1 Ne4 23. Nxe4 dxe4 24. Be2 Qd2 25. Qe3 Qxe3 26. fxe3 Rc3 27. Kf2 f6
28. Rhd1 Rf7 29. Ke1 Rxe3 30. Kd2 Rb3 31. Kc2 Re3 32. Bc4 f5 33. d5 Re7 34. Rd4
g5 35. Kd2 f4 36. Rf1 exd5 37. Bxd5+ Kg7 38. g3 Bg4 39. gxf4 Re2+ 40. Kc1 Rc7+
41. Kb1 Rxh2 42. Rg1 Rh4 43. Bxe4 b6 44. Kb2 Rc5 45. Bb1 Kh6 46. Rd6+ Kh5 47.
Bg6+ Kh6 48. Bf5+ Kh5 49. Rg6 Rh2+ 50. Ka1 gxf4 51. R6xg4 Rc4 52. Rg7 Rxa4+ 53.
Kb1 Rb4+ 54. Kc1 Rc4+ 55. Kd1 Rd4+ 56. Ke1 Rd7 57. Rxd7 Re2+ 58. Kxe2 f3+ 59.
Kxf3 a5 60. Rh7# 1-0

[Event "ICS rated blitz match"]
[Site "204.178.125.65"]
[Date "2000.03.06"]
[Round "?"]
[White "Hossa"]
[Black "RedBear"]
[Result "0-1"]
[WhiteElo "2438"]
[BlackElo "2561"]
[PlyCount "160"]

1. d4 Nf6 2. c4 c5 3. d5 b5 4. cxb5 a6 5. bxa6 Bxa6 6. g3 d6 7. Bg2 g6 8. Nc3
Bg7 9. Nf3 Nbd7 10. O-O Nb6 11. Bg5 O-O 12. Nd2 Qd7 13. Bxf6 Bxf6 14. Nde4 Bd4
15. Qc2 Qf5 16. Qd2 Bc4 17. Qh6 Bg7 18. Qh4 Rfe8 19. Bh3 Qh5 20. Qxh5 gxh5 21.
Rfd1 Reb8 22. Rd2 Na4 23. Rc1 Nxc3 24. Nxc3 Bxa2 25. Bd7 Bc4 26. Bc6 Ra6 27.
Kg2 Rab6 28. Rcc2 Rb4 29. h4 Kf8 30. Kf3 Be5 31. Ke3 h6 32. Kf3 Rb3 33. Ba4
R3b7 34. Bc6 Rb4 35. Kg2 R8b6 36. Bd7 Ba6 37. Na4 Rb8 38. Bc6 Rc8 39. f4 Bd4
40. Nc3 Be3 41. Rd1 Bc4 42. Ra1 Bb3 43. Rcc1 Bxc1 44. Rxc1 Bc4 45. e4 Bd3 46.
Ra1 Rxb2+ 47. Kf3 Rb3 48. Rc1 Rcb8 49. e5 Bf5 50. exd6 exd6 51. Ke2 Rb2+ 52.
Ke3 R8b3 53. Bb5 Rg2 54. Bf1 Rxg3+ 55. Kd2 Rb2+ 56. Ke1 Re3+ 57. Be2 Bg4 58.
Kf2 Rh3 59. Kg2 Rxh4 60. Kg3 Rh3+ 61. Kg2 Rd2 62. f5 f6 63. Rd1 Rc2 64. Kg1
Rhxc3 65. Bxg4 hxg4 66. Re1 Rg3+ 67. Kh1 Rh3+ 68. Kg1 Rhh2 69. Ra1 g3 70. Ra8+
Ke7 71. Ra7+ Kd8 72. Ra8+ Kc7 73. Ra1 c4 74. Re1 c3 75. Re7+ Kd8 76. Re1 Rcg2+
77. Kf1 Rd2 78. Kg1 c2 79. Rc1 Rd1+ 80. Rxd1 cxd1=R# 0-1

[Event "ICS rated blitz match"]
[Site "204.178.125.65"]
[Date "2000.03.06"]
[Round "?"]
[White "warps"]
[Black "Hossa"]
[Result "1-0"]
[WhiteElo "2584"]
[BlackElo "2427"]
[PlyCount "127"]

1. e4 c5 2. Nf3 d6 3. d4 cxd4 4. Nxd4 Nf6 5. Nc3 g6 6. Be3 Bg7 7. f3 O-O 8. Qd2
Nc6 9. O-O-O d5 10. exd5 Nxd5 11. Nxc6 bxc6 12. Bd4 e5 13. Bc5 Be6 14. Ne4 Re8
15. h4 Nf4 16. Qxd8 Rexd8 17. Rxd8+ Rxd8 18. Be7 Rd4 19. g3 Nh5 20. g4 Nf4 21.
Nf6+ Kh8 22. c3 Ra4 23. a3 Bb3 24. Ne4 Ra5 25. c4 Ra6 26. Nd2 Rb6 27. Bb4 Ba2
28. b3 e4 29. fxe4 Rb7 30. h5 g5 31. Kc2 h6 32. Bc3 Bxc3 33. Kxc3 a5 34. a4 Rb4
35. Kb2 Bxb3 36. Nxb3 Rxa4 37. Rh2 Ne6 38. Rf2 Rb4 39. Kc3 Kg7 40. Nxa5 Rb6 41.
Rf5 Ra6 42. Nb3 Nf4 43. c5 Ra3 44. Bc4 f6 45. e5 fxe5 46. Rxe5 Ra7 47. Nd4 Rc7
48. Ne6+ Nxe6 49. Rxe6 Rc8 50. Rg6+ Kh7 51. Bd3 Rf8 52. Rxc6+ Kg7 53. Rg6+ Kh7
54. Bf5 Kh8 55. c6 Rf7 56. Rxh6+ Kg8 57. Be6 Kf8 58. Bxf7 Kg7 59. Rg6+ Kf8 60.
c7 Kxf7 61. c8=Q Ke7 62. Re6+ Kf7 63. Qd7+ Kf8 64. Re8# 1-0

[Event "ICS rated bullet match"]
[Site "204.178.125.65"]
[Date "2000.03.06"]
[Round "?"]
[White "GeorgeVidan"]
[Black "Hossa"]
[Result "0-1"]
[WhiteElo "2109"]
[BlackElo "2380"]
[PlyCount "70"]

1. d4 Nf6 2. e3 g6 3. Nd2 Bg7 4. Ngf3 O-O 5. Be2 d5 6. O-O Bg4 7. b3 c5 8. Bb2
cxd4 9. exd4 Nc6 10. h3 Bf5 11. c3 Qc7 12. Nh4 Bd7 13. Nhf3 Qf4 14. Re1 Bf5 15.
Nf1 Ne4 16. Ne3 Be6 17. Bf1 Rfd8 18. Bd3 Rac8 19. Bf1 Rd6 20. Bd3 Rd7 21. Bf1
Ra8 22. Bd3 Rc7 23. Bf1 Na5 24. Rc1 Rac8 25. g3 Qf6 26. c4 dxc4 27. d5 Qxb2 28.
Rc2 Nc3 29. Qd2 Qa3 30. dxe6 cxb3 31. axb3 Nxb3 32. Qd3 fxe6 33. Ng5 Nd4 34.
Bg2 Nce2+ 35. Rexe2 Qxd3 0-1

[Event "ICS rated blitz match"]
[Site "204.178.125.65"]
[Date "2000.03.06"]
[Round "?"]
[White "Hossa"]
[Black "RedBear"]
[Result "1-0"]
[WhiteElo "2418"]
[BlackElo "2592"]
[PlyCount "125"]

1. e4 e5 2. Nf3 Nc6 3. Bb5 a6 4. Ba4 Nf6 5. O-O Be7 6. Re1 b5 7. Bb3 d6 8. c3
O-O 9. h3 Bb7 10. d4 Re8 11. Nbd2 Bf8 12. a4 h6 13. Bc2 exd4 14. cxd4 Nb4 15.
Bb1 c5 16. d5 Nd7 17. Ra3 f5 18. Rae3 Nf6 19. Nh2 Qd7 20. exf5 Rxe3 21. fxe3
Bxd5 22. Ng4 Be7 23. e4 Bf7 24. Nxf6+ Bxf6 25. Nf3 Rd8 26. axb5 axb5 27. b3 c4
28. bxc4 bxc4 29. Bf4 c3 30. g3 Rc8 31. Nd4 Qa7 32. Be3 Qe7 33. Bf4 Be5 34.
Bxe5 Qxe5 35. Kh2 Rc4 36. Nc2 Rxe4 37. Rxe4 Qxe4 38. Nxb4 Qxb4 39. Bc2 d5 40.
Qd3 Qc5 41. Qf3 Qc4 42. Qg2 Qb4 43. h4 Qe7 44. Qf3 Qf6 45. Kh3 d4 46. Qa8+ Kh7
47. Bd3 Bb3 48. g4 Bf7 49. Qe4 Qd6 50. f6+ g6 51. Qf3 Bd5 52. Qf2 Kg8 53. Bxg6
Qe5 54. h5 Kf8 55. Bh7 Bc4 56. Qf3 Be2 57. Qa8+ Kf7 58. Bg6+ Kxf6 59. Qh8+ Ke6
60. Bf7+ Kxf7 61. Qxe5 c2 62. Qf5+ Ke7 63. Qxc2 1-0

[Event "ICS rated bullet match"]
[Site "204.178.125.65"]
[Date "2000.03.06"]
[Round "?"]
[White "GeorgeVidan"]
[Black "Hossa"]
[Result "0-1"]
[WhiteElo "2082"]
[BlackElo "2391"]
[PlyCount "38"]

1. c4 e5 2. Nc3 Nf6 3. d3 Bc5 4. e3 O-O 5. Nf3 Nc6 6. e4 Ng4 7. Be3 Bxe3 8.
fxe3 Nxe3 9. Qe2 Nd4 10. Nxd4 exd4 11. Nd5 Nxd5 12. cxd5 c6 13. O-O-O cxd5 14.
Kb1 Re8 15. Qf3 Qh4 16. g4 dxe4 17. dxe4 d5 18. Rg1 dxe4 19. Qb3 d3 0-1

[Event "ICS rated bullet match"]
[Site "204.178.125.65"]
[Date "2000.03.06"]
[Round "?"]
[White "Hossa"]
[Black "GeorgeVidan"]
[Result "1-0"]
[WhiteElo "2396"]
[BlackElo "2077"]
[PlyCount "75"]

1. e4 e6 2. d4 d5 3. exd5 exd5 4. Bd3 c6 5. Qe2+ Be6 6. Nh3 Nf6 7. Nf4 Qd6 8.
Bf5 Kd7 9. Bxe6+ fxe6 10. O-O Na6 11. Nh3 Re8 12. Bf4 Qb4 13. c3 Qb5 14. Qxb5
cxb5 15. Ng5 h6 16. Nf7 Rg8 17. Rc1 Nh5 18. Be5 Be7 19. a4 b4 20. cxb4 Rc8 21.
Nd2 Nxb4 22. Nf3 Nd3 23. Rc3 Rxc3 24. bxc3 Nf6 25. Rb1 b6 26. Bg3 Rc8 27. N7e5+
Nxe5 28. Bxe5 Rxc3 29. Bb8 Bd6 30. Bxa7 Bc7 31. Re1 Rc6 32. Rb1 Ne4 33. Ne5+
Bxe5 34. dxe5 Kc7 35. a5 Nc5 36. Bxb6+ Kc8 37. Rc1 Kb7 38. Rxc5 1-0

[Event "ICS rated bullet match"]
[Site "204.178.125.65"]
[Date "2000.03.06"]
[Round "?"]
[White "GeorgeVidan"]
[Black "Hossa"]
[Result "0-1"]
[WhiteElo "2073"]
[BlackElo "2400"]
[PlyCount "42"]

1. Nf3 d5 2. b3 c5 3. Bb2 f6 4. e3 e5 5. d4 cxd4 6. exd4 e4 7. Ng1 Bf5 8. f3
Nc6 9. Nd2 e3 10. Qe2 Qe7 11. Nb1 Nb4 12. Na3 Kf7 13. g4 Bg6 14. h4 Rc8 15. Rc1
Nxa2 16. Ra1 Qb4+ 17. Kd1 Nc3+ 18. Bxc3 Qxc3 19. Ra2 Qxd4+ 20. Kc1 Bxa3+ 21.
Rxa3 Bxc2 0-1